Borders an 'I' Country Minefield Quiz Stats

 Plays Quiz Updated Feb 13, 2019

Support Sporcle.
Go Orange.
Score 0/31 Timer 05:00
0 Plays Today
First Letter Country % Correct
P???
70.7%
I???
68.2%
I???
67.6%
N???
62.5%
B???
61.6%
A???
59.8%
J???
59.5%
F???
58.2%
S???
57.9%
C???
57.8%
S???
57.7%
V???
57.6%
U???
57.3%
S???
55%
A???
52.4%
B???
51.1%
First Letter Country % Correct
L???
50.9%
M???
50.8%
P???
50.4%
K???
49.7%
S???
48.8%
S???
46.1%
T???
46%
E???
44.5%
M???
40.9%
A???
38.5%
T???
36.5%
T???
36.1%
P???
35.1%
A???
35%
Mine???
28.5%

From the Vault

Speed Rainbow

by lukebradford

Don't rainbows move at the speed of light? How could they go any faster!?
Remove Ads.
Support Sporcle.
Get the best of Sporcle when you Go Orange. This ad-free experience offers more features, more stats, and more fun while also helping to support Sporcle. Thank you for becoming a member.

Show Comments

Extras

Top Quizzes Today


Score Distribution

Your Account Isn't Verified!

In order to create a playlist on Sporcle, you need to verify the email address you used during registration. Go to your Sporcle Settings to finish the process.

Report this User

Report this user for behavior that violates our Community Guidelines.

Details: